| 000 | 00428nam a2200181Ia 4500 | ||
|---|---|---|---|
| 005 | 20240823062725.0 | ||
| 008 | 240823s9999||||xx |||||||||||||| ||und|| | ||
| 041 | _aENGLISH | ||
| 082 | _A510 M4 | ||
| 100 | _aVishvanath | ||
| 245 | 0 | _aTechnical Mathematics | |
| 250 | _a3rd | ||
| 260 |
_c1984 _b"Satya Prakashan,New Delhi" |
||
| 500 | _aTransfered | ||
| 650 |
_aMathematics _bMathematics |
||
| 942 | _cBK | ||
| 999 |
_c236560 _d236560 |
||